00870cam a2200241 a 450000100100000000500170001000800410002702000150006804000300008308200180011310000290013124500460016026000680020630000200027450400420029465000360033665000370037265000370040991000340044604900090048095201220048999900170061100001827320200929165430.0940826s1994 ag b 001 e spa d a9509946621 aDO-SdBNPbspacDLCdBNPHU a864.44bB928e1 aBuela, Alberto E.93957510aEnsayos iberoamericanos /cAlberto Buela. aBuenos Aires, (Argentina) :bEditorial Cultura et Labor,c1994. a97 p. ;c20 cm. aIncluye referencias bibliográficas. 4aEnsayos latinoamericanos939576 4aLiteratura latinoamericana94717 4aFilosofía latinoamericana9471 aCatalogación por copia / LC aBNGR 001054708MOaGRbGRcCTd2010-04-22iLF1l0o864.44 B928ep18273-10r2020-06-25w2020-06-25y4ZPréstamo en sala c17794d17794